[Event "National I"]
[Site "Montpellier"]
[Date "2003.02.02"]
[Round "3"]
[White "Fontaine, Robert"]
[Black "Banikas, Hristos"]
[Result "1-0"]
[WhiteElo "2529"]
[BlackElo "2515"]
[PlyCount "79"]
[EventDate "2003.01.31"]
[Source "Roberto Alvarez"]
[SourceDate "2003.02.17"]

1. e4 c5 2. Nf3 Nc6 3. d4 cxd4 4. Nxd4 Qc7 5. c4 e6 6. Nc3 Nf6 7. Be3 a6 8. Rc1 Bb4 9. Bd3 h5 10. h3 b6 11. a3 Bc5 12. Be2 Nxd4 13. Bxd4 Bb7 14. b4 Bxd4 15. Qxd4 Qf4 16. O-O Bxe4 17. Qxb6 Bc6 18. b5 axb5 19. cxb5 Rb8 20. Qa7 Ra8 21. Qb6 Rb8 22. Qa7 Ra8 23. Qc5 Bb7 24. g3 Ne4 25. Qb6 Qb8 26. Nxe4 Bxe4 27. Qd4 Bg6 28. Qxg7 Ke7 29. Qc3 Qd6 30. Rfd1 Qxa3 31. Qc7 Ra7 32. Rxd7+ Kf8 33. Qb8+ Kg7 34. Qe5+ Kh7 35. Rxa7 Qxc1+ 36. Kh2 Qd2 37. b6 h4 38. Ra4 hxg3+ 39. Kxg3 f6 40. Rh4+ 1-0

[Event "Szekszard op"]
[Site "Szekszard"]
[Date "1994.??.??"]
[Round "8"]
[White "Groszpeter, Attila"]
[Black "Horvath, Jozsef"]
[Result "0-1"]
[WhiteElo "2520"]
[BlackElo "2520"]
[PlyCount "110"]
[EventDate "1994.??.??"]
[Source "ChessBase"]

1. e4 c5 2. Nf3 Nc6 3. d4 cxd4 4. Nxd4 Qc7 5. Nb5 Qb8 6. c4 Nf6 7. N5c3 e6 8. Be3 b6 9. Be2 Bc5 10. Qd2 O-O 11. Bf4 Ne5 12. Bxe5 Qxe5 13. f4 Qd4 14. Qxd4 Bxd4 15. e5 Ne8 16. Bf3 Rb8 17. Ke2 d6 18. exd6 Nxd6 19. Rd1 e5 20. Na3 Re8 21. fxe5 Bxe5 22. Kf2 Be6 23. Ncb5 Nxb5 24. Nxb5 Bxc4 25. Nd6 Bxd6 26. Rxd6 Rbd8 27. Rad1 Rxd6 28. Rxd6 Bxa2 29. Rd7 a6 30. Rb7 b5 31. Rb6 Bc4 32. Rxa6 g5 33. Ra3 Kg7 34. b3 Be6 35. Ra5 Rb8 36. Bc6 b4 37. Rxg5+ Kf6 38. Rg3 Rc8 39. Ba4 Rc2+ 40. Kf1 Ke5 41. h4 Kd4 42. Kg1 Ra2 43. Rg8 Bd5 44. Rg4+ Be4 45. Be8 f5 46. Rg3 Bd5 47. Bd7 f4 48. Rg4 Ke3 49. Rg5 Rd2 50. Ba4 h6 51. Rg6 Be4 52. Rg7 Rd1+ 53. Kh2 Kf2 54. Rg4 f3 55. Rxe4 Rh1+ 0-1

[Event "London"]
[Site "?"]
[Date "1994.??.??"]
[Round "?"]
[White "Gurevich, I."]
[Black "Kogan, A."]
[Result "1-0"]
[WhiteElo "2570"]
[BlackElo "2470"]
[PlyCount "111"]
[EventDate "1994.??.??"]
[Source "ChessBase"]
[SourceDate "1994.06.01"]

1. e4 c5 2. Nf3 Nc6 3. d4 cxd4 4. Nxd4 Qc7 5. Nb5 Qb8 6. c4 Nf6 7. N5c3 e6 8. Be3 b6 9. g3 h5 10. Nd2 Ng4 11. Bf4 e5 12. Be3 Nxe3 13. fxe3 d6 14. Be2 h4 15. g4 Be7 16. Rg1 Bg5 17. Nd5 Ne7 18. Qa4+ Bd7 19. Qa3 Rh6 20. Nf3 Rg6 21. O-O-O Nxd5 22. exd5 Qc7 23. Rde1 b5 24. Kb1 bxc4 25. Rc1 Qb6 26. Nxg5 Rxg5 27. Rxc4 Rb8 28. Bd1 e4 29. Rxe4+ Kf8 30. Rf4 Rxd5 31. Bb3 Ra5 32. Rxf7+ Ke8 33. Rgf1 Bf5+ 34. R1xf5 Rxa3 35. bxa3 g6 36. Rf4 Qxe3 37. Rf8+ Kd7 38. R4f7+ Kc6 39. Rxb8 Qg1+ 40. Kc2 Qxh2+ 41. Kc3 Qe5+ 42. Kb4 a5+ 43. Ka4 h3 44. Rbb7 Qd4+ 45. Kxa5 Qc5+ 46. Ka4 Qd4+ 47. Rb4 Qh8 48. Ra7 Qe8 49. Rb5 Qe4+ 50. Ka5 Qe1+ 51. Ka6 d5 52. Rb6+ Kc5 53. Rc7+ Kd4 54. Rb4+ Kd3 55. Bc2+ Kd2 56. Rd4+ 1-0

[Event "New York USA"]
[Site "?"]
[Date "1986.??.??"]
[Round "?"]
[White "Sax Gyula"]
[Black "Barlov Dragan"]
[Result "1/2-1/2"]
[WhiteElo "2545"]
[BlackElo "2495"]
[PlyCount "39"]
[EventDate "1986.??.??"]
[Source "www.chesslib.no"]
[SourceDate "2004.05.04"]

1. e4 c5 2. Nf3 Nc6 3. d4 cxd4 4. Nxd4 Qc7 5. Nb5 Qb8 6. c4 Nf6 7. N5c3 e6 8. f4 d6 9. Be2 b6 10. O-O Bb7 11. f5 exf5 12. Rxf5 Be7 13. Bg5 O-O 14. Nd2 Nd4 15. Rf1 Qc7 16. Be3 Nxe2+ 17. Qxe2 Nd7 18. Rac1 Rac8 19. Nd5 Bxd5 20. exd5 1/2-1/2

[Event "Calviá ol (Men)"]
[Site "Mallorca"]
[Date "2004.10.18"]
[Round "4.13"]
[White "Meijers, Viesturs"]
[Black "Oral, Tomas"]
[Result "1-0"]
[WhiteElo "2465"]
[BlackElo "2565"]
[PlyCount "67"]
[EventDate "2004.10.15"]
[Source "Roberto Alvarez"]
[SourceDate "2004.10.25"]

1. e4 c5 2. Nf3 Nc6 3. d4 cxd4 4. Nxd4 Qc7 5. Nb5 Qb8 6. c4 e6 7. Nd2 Nf6 8. Bd3 b6 9. Nf3 Bb7 10. O-O a6 11. Nc3 Ng4 12. h3 h5 13. Ne2 Bd6 14. Bd2 Qc7 15. Bc3 Nce5 16. Ned4 Rc8 17. Re1 Nxd3 18. Qxd3 Bh2+ 19. Kf1 Ne5 20. Nxe5 Bxe5 21. Nf5 exf5 22. Bxe5 Qc6 23. Qg3 f6 24. Qxg7 Qxc4+ 25. Kg1 Rg8 26. Qxf6 Bxe4 27. Bg3 Qe6 28. Qh4 Qg6 29. Kh2 Qg5 30. Qxg5 Rxg5 31. f3 Rc2 32. fxe4 f4 33. Bxf4 Rcxg2+ 34. Kh1 1-0

[Event "Vienna op 13th"]
[Site "?"]
[Date "1998.??.??"]
[Round "?"]
[White "Borriss Martin"]
[Black "Epishin Vladimir"]
[Result "0-1"]
[WhiteElo "2430"]
[BlackElo "2590"]
[PlyCount "98"]
[EventDate "1998.??.??"]
[Source "www.chesslib.no"]
[SourceDate "2004.05.04"]

1. e4 c5 2. Nf3 Nc6 3. d4 cxd4 4. Nxd4 Qc7 5. Nb5 Qb8 6. c4 a6 7. N5c3 Nf6 8. Bg5 e6 9. Nd2 Be7 10. Rc1 O-O 11. Be2 b6 12. Nf3 h6 13. Bh4 d6 14. O-O Rd8 15. Qb3 Ra7 16. Rfd1 g5 17. Bg3 Nh5 18. Nd4 Nxd4 19. Rxd4 Nxg3 20. hxg3 Bd7 21. Qd1 Bc6 22. Bh5 Bf6 23. Rd2 Bg7 24. f4 b5 25. Qe2 Rc7 26. Rcd1 Rcd7 27. Kh1 Qb6 28. Bg4 Qc5 29. cxb5 axb5 30. a3 b4 31. axb4 Qxb4 32. Qe3 Qa5 33. Kh2 Bf6 34. Bf3 Qc7 35. e5 gxf4 36. Qxf4 Bxe5 37. Qxh6 f6 38. Qe3 Rg7 39. Ne2 Be8 40. Nf4 Bf7 41. Ra1 d5 42. Ra7 Qb8 43. Re7 Qd6 44. Rb7 d4 45. Qe2 Bxf4 46. gxf4 Qxf4+ 47. Kg1 e5 48. Rd1 f5 49. Bh5 Bxh5 0-1

[Event "Kecskemet"]
[Site "Kecskemet"]
[Date "1993.??.??"]
[Round "3"]
[White "Almasi, Zoltan"]
[Black "Fogarasi, Tibor"]
[Result "1-0"]
[WhiteElo "2580"]
[BlackElo "2440"]
[PlyCount "93"]
[EventDate "1993.02.??"]
[Source "ChessBase"]

1. e4 c5 2. Nf3 Nc6 3. d4 cxd4 4. Nxd4 Qc7 5. Nb5 Qb8 6. c4 Nf6 7. N5c3 e6 8. Be2 Bd6 9. g3 Be7 10. O-O O-O 11. Bf4 d6 12. Be3 b6 13. f4 Bb7 14. a3 Rd8 15. Bf3 Bf8 16. b4 d5 17. cxd5 exd5 18. Nxd5 Nxd5 19. exd5 Ne7 20. Nc3 Qd6 21. Qb3 Rac8 22. Rad1 Ba6 23. Rfe1 Bc4 24. Qb1 a5 25. Na4 Rb8 26. Bd4 Nxd5 27. Be5 Qc6 28. Nb2 Rbc8 29. Nxc4 Qxc4 30. Rd4 Qb5 31. Qd1 axb4 32. Rxd5 Rxd5 33. Qxd5 Qxd5 34. Bxd5 bxa3 35. Re2 b5 36. Kf2 b4 37. Ke3 Rc1 38. Kd3 Rd1+ 39. Rd2 Rxd2+ 40. Kxd2 Bc5 41. Kd3 h5 42. f5 Bg1 43. h4 Bc5 44. Kc4 Be7 45. Kb5 Kf8 46. Kc6 Kg8 47. Kd7 1-0

[Event "RUS-ch51"]
[Site "St Petersburg"]
[Date "1998.08.02"]
[Round "6"]
[White "Grischuk, Alexander"]
[Black "Poluljahov, Aleksandr"]
[Result "0-1"]
[WhiteElo "2490"]
[BlackElo "2530"]
[PlyCount "82"]
[EventDate "1998.07.28"]
[Source "ChessBase"]
[SourceDate "1998.11.30"]

1. e4 c5 2. Nf3 Nc6 3. d4 cxd4 4. Nxd4 Qc7 5. c4 Qe5 6. Nb5 Qxe4+ 7. Be2 Qe5 8. g3 Qb8 9. Bf4 e5 10. Be3 Bb4+ 11. N1c3 a6 12. Na3 Nf6 13. O-O d6 14. Qd3 O-O 15. Na4 Nd7 16. Nc2 Nc5 17. Qd1 Bh3 18. Nb6 Bxf1 19. Bxf1 Ne6 20. Nxa8 Qxa8 21. Nxb4 Nxb4 22. Qxd6 Nc6 23. Bb6 a5 24. Rd1 h6 25. Qd7 Ned4 26. c5 Re8 27. Bc4 Re7 28. Qg4 Kh8 29. Kg2 Qe8 30. Qh5 Qf8 31. a3 a4 32. Bd5 f5 33. Qg6 Qc8 34. Bxc6 Nxc6 35. Rd6 Qf8 36. Rd5 Rf7 37. Qd6 Qe8 38. Kf1 f4 39. Kg2 e4 40. gxf4 Rf6 41. Qc7 e3 0-1

[Event "Chalapathi GM"]
[Site "Guntur, AP"]
[Date "2000.04.12"]
[Round "10"]
[White "Barua, Dibyendu"]
[Black "Rahman, Ziaur"]
[Result "1-0"]
[WhiteElo "2555"]
[BlackElo "2465"]
[PlyCount "123"]
[EventDate "2000.04.03"]
[Source "ChessBase"]
[SourceDate "2000.07.27"]

1. e4 c5 2. Nf3 Nc6 3. d4 cxd4 4. Nxd4 Qc7 5. Nb5 Qb8 6. Bd3 g6 7. O-O Bg7 8. c4 Nf6 9. N1c3 a6 10. Na3 O-O 11. Be3 d6 12. f3 Nd7 13. Be2 Nc5 14. Qd2 b6 15. Rfd1 Ra7 16. Rab1 Nb4 17. Nd5 Nxd5 18. cxd5 b5 19. Rbc1 Rc7 20. b3 Bd7 21. Nc2 Rfc8 22. Nd4 Qb6 23. b4 Nxe4 24. Nc6 Nxd2 25. Bxb6 Bxc6 26. Bxc7 Bd4+ 27. Kh1 Bxd5 28. Rxd2 Be3 29. Rdc2 Bxc1 30. Rxc1 Bxa2 31. Kg1 Kf8 32. Kf2 Bd5 33. Ke3 Ke8 34. Kd2 Kd7 35. Bb6 Bc4 36. Bd1 Rc6 37. Be3 f6 38. Bc2 e5 39. h4 d5 40. Ba7 Ke6 41. Ra1 Kf7 42. h5 Kg7 43. hxg6 hxg6 44. Bc5 f5 45. g3 Kf6 46. f4 d4 47. fxe5+ Kxe5 48. Re1+ Kf6 49. Bxd4+ Kg5 50. Be5 Bd5 51. Bd3 Kg4 52. Ke3 Bf3 53. Kd4 Kh3 54. Bf4 Kg4 55. Re8 Bd1 56. Be5 Kf3 57. Kd5 Rc1 58. Bf4 Bb3+ 59. Kd4 Rd1 60. Kc3 Bc4 61. Bxc4 bxc4 62. Rg8 1-0

[Event "Budapest FS10 IM-A"]
[Site "Budapest"]
[Date "1997.10.05"]
[Round "1"]
[White "Cao Sang"]
[Black "Kogan, Artur"]
[Result "0-1"]
[WhiteElo "2515"]
[BlackElo "2500"]
[PlyCount "74"]
[EventDate "1997.10.05"]
[Source "ChessBase"]
[SourceDate "1998.03.09"]

1. e4 c5 2. Nf3 Nc6 3. d4 cxd4 4. Nxd4 Qc7 5. Nb5 Qb8 6. c4 Nf6 7. N1c3 a6 8. Na3 b6 9. Be3 e6 10. Nc2 Bc5 11. Be2 O-O 12. O-O Bxe3 13. Nxe3 Qe5 14. Bd3 Bb7 15. a3 Kh8 16. Kh1 g5 17. Re1 Qf4 18. Kg1 g4 19. Bc2 Rg8 20. Ne2 Qe5 21. Qd3 h5 22. Nd5 Qg5 23. Nxb6 Ne5 24. Qe3 Qxe3 25. fxe3 Rab8 26. c5 Bxe4 27. Rec1 h4 28. Nc3 Bc6 29. Rf1 Kg7 30. Rad1 h3 31. e4 hxg2 32. Kxg2 Rh8 33. Rf4 Rh5 34. Rdf1 Nf3 35. R1xf3 gxf3+ 36. Rxf3 Rxc5 37. Rg3+ Kf8 0-1

[Event "ch-ROU"]
[Site "Cluj ROU"]
[Date "2008.02.29"]
[Round "7"]
[White "Lupulescu, C."]
[Black "Filip, L."]
[Result "1-0"]
[WhiteElo "2553"]
[BlackElo "2462"]
[PlyCount "64"]
[EventDate "2008.02.25"]
[Source "www.chesslib.no"]
[SourceDate "2004.05.04"]

1. e4 c5 2. Nf3 Nc6 3. d4 cxd4 4. Nxd4 Qc7 5. c4 Qe5 6. Nb5 Qxe4+ 7. Be2 Qe5 8. N1c3 e6 9. g3 Qb8 10. Ne4 Bb4+ 11. Bd2 Bxd2+ 12. Qxd2 Nf6 13. Nxf6+ gxf6 14. O-O-O a6 15. Nd6+ Ke7 16. Qe3 Qxd6 17. Rxd6 Kxd6 18. Rd1+ Ke7 19. Qc5+ Ke8 20. f4 a5 21. b3 Ra6 22. g4 h6 23. a3 Ne7 24. Qd4 e5 25. fxe5 fxe5 26. Qxe5 Rg8 27. Rd6 Rxd6 28. Qxd6 Rg6 29. Qe5 b6 30. Qh8+ Ng8 31. Bd3 Rxg4 32. Bh7 Kf8 1-0

[Event "Bijeljina Dvorovi"]
[Site "Bijeljina Dvorovi"]
[Date "2002.01.30"]
[Round "5"]
[White "Cabrilo, Goran"]
[Black "Dumitrache, Dragos"]
[Result "1/2-1/2"]
[WhiteElo "2509"]
[BlackElo "2506"]
[PlyCount "33"]
[EventDate "2002.01.26"]
[Source "ChessBase"]
[SourceDate "2002.03.21"]

1. e4 c5 2. Nf3 Nc6 3. d4 cxd4 4. Nxd4 Qc7 5. Nb5 Qb8 6. c4 Nf6 7. N5c3 g6 8. Be2 Bg7 9. O-O O-O 10. Be3 d6 11. Na3 b6 12. f3 Bb7 13. Qd2 Rd8 14. Rfd1 Rd7 15. Nab5 Qf8 16. Nd4 e6 17. Nxc6 1/2-1/2

[Event "Bischwiller-A"]
[Site "?"]
[Date "1999.07.05"]
[Round "3"]
[White "Anka Emil"]
[Black "Horvath Jozsef"]
[Result "0-1"]
[WhiteElo "2487"]
[BlackElo "2526"]
[PlyCount "80"]
[EventDate "1999.??.??"]
[Source "www.chesslib.no"]
[SourceDate "2004.05.04"]

1. e4 c5 2. Nf3 Nc6 3. d4 cxd4 4. Nxd4 Qc7 5. Nb5 Qb8 6. c4 Nf6 7. N5c3 b6 8. Be2 Bb7 9. f4 e5 10. O-O Nd4 11. Bd3 Ne6 12. f5 Nc5 13. Qe2 a6 14. Bc2 d6 15. b4 Ncd7 16. a3 Be7 17. Ra2 Qc7 18. Bd3 Rc8 19. Rc2 Qb8 20. Be3 h6 21. Nd2 O-O 22. Kh1 Rc7 23. Rfc1 Rfc8 24. Bg1 Ba8 25. Nf1 Ne8 26. Nd5 Bxd5 27. cxd5 Rxc2 28. Rxc2 b5 29. Rc6 Rxc6 30. dxc6 Nb6 31. Ne3 Nf6 32. Qa2 Bd8 33. Be2 Qc7 34. Nd5 Qxc6 35. Bxb6 Nxd5 36. Bxd8 Ne3 37. Bd1 Nxd1 38. h3 Qxe4 39. Qd2 Ne3 40. Kg1 Nxf5 0-1

[Event "ROM-chT"]
[Site "?"]
[Date "1999.04.16"]
[Round "2"]
[White "Iordachescu Viorel"]
[Black "Cosma Ioan"]
[Result "1/2-1/2"]
[WhiteElo "2539"]
[BlackElo "2473"]
[PlyCount "138"]
[EventDate "1999.??.??"]
[Source "www.chesslib.no"]
[SourceDate "2004.05.04"]

1. e4 c5 2. Nf3 Nc6 3. d4 cxd4 4. Nxd4 Qc7 5. Nb5 Qb8 6. g3 a6 7. N5c3 e6 8. Bg2 Bc5 9. O-O Nf6 10. Bf4 Ne5 11. a4 d6 12. a5 Qc7 13. Nd2 Bd7 14. Nb3 Ba7 15. Qe2 h6 16. Kh1 Rc8 17. h3 O-O 18. Bc1 Rfd8 19. f4 Nc4 20. g4 Be8 21. f5 Qe7 22. g5 hxg5 23. Bxg5 Ne5 24. Qe1 Bc6 25. Rd1 Ned7 26. Qh4 e5 27. Rd3 Nf8 28. Rg3 N8h7 29. Bh6 Qf8 30. Nd2 Kh8 31. Bxg7+ Qxg7 32. Rxg7 Kxg7 33. Nf3 Kf8 34. Rd1 Ke7 35. Ne1 Rg8 36. Nd3 Rg5 37. Qe1 Rcg8 38. Rd2 Rh5 39. Nb4 Ng5 40. Nxc6+ bxc6 41. Rd3 Rgh8 42. Qe2 Nxh3 43. Rxh3 Rxh3+ 44. Bxh3 Rxh3+ 45. Kg2 Nh5 46. Kxh3 Nf4+ 47. Kg4 Nxe2 48. Nxe2 d5 49. Kf3 Kd6 50. Nc1 f6 51. Nd3 Bb8 52. b3 c5 53. Nf2 Bc7 54. exd5 Kxd5 55. Ne4 Bxa5 56. Nxf6+ Kd4 57. Ne4 Bd8 58. c3+ Kd3 59. Nxc5+ Kxc3 60. Ke4 a5 61. Kxe5 Be7 62. Kd5 Kb4 63. Nb7 Bh4 64. Ke6 Bg5 65. Kd7 Bh4 66. Kc6 Bg5 67. Kb6 Bh4 68. Ka6 Kxb3 69. Nxa5+ Kb4 1/2-1/2

[Event "Cannes op"]
[Site "Cannes"]
[Date "1996.??.??"]
[Round "2"]
[White "Groszpeter, Attila"]
[Black "Rotstein, Arkadij"]
[Result "0-1"]
[WhiteElo "2565"]
[BlackElo "2445"]
[PlyCount "78"]
[EventDate "1996.02.??"]
[Source "ChessBase"]

1. e4 c5 2. Nf3 Nc6 3. d4 cxd4 4. Nxd4 Qc7 5. Nb5 Qb8 6. c4 Nf6 7. N5c3 e6 8. g3 Be7 9. Bg2 O-O 10. O-O d6 11. Na3 Bd7 12. Bf4 Rc8 13. Qe2 a6 14. Rfd1 Ne5 15. Rac1 b6 16. h3 Ra7 17. g4 h6 18. Bg3 Rac7 19. Bf1 Qb7 20. c5 Rxc5 21. Qxa6 Qc7 22. Qe2 Qb7 23. Nc2 Bc6 24. Bg2 Rxc3 25. bxc3 Bxe4 26. Bxe5 Bxg2 27. Ne1 Bd5 28. Bxf6 Bxf6 29. c4 Qa6 30. Rc2 Bxc4 31. Qe3 d5 32. Nf3 Ra8 33. Rb1 b5 34. h4 Qa4 35. Rbc1 Qb4 36. g5 hxg5 37. hxg5 Be7 38. g6 Qd6 39. Ne5 fxg6 0-1

[Event "YUG-ch"]
[Site "?"]
[Date "1999.03.23"]
[Round "?"]
[White "Damljanovic Branko"]
[Black "Ivanisevic Ivan"]
[Result "0-1"]
[WhiteElo "2551"]
[BlackElo "2457"]
[PlyCount "72"]
[EventDate "1999.??.??"]
[Source "www.chesslib.no"]
[SourceDate "2004.05.04"]

1. e4 c5 2. Nf3 Nc6 3. d4 cxd4 4. Nxd4 Qc7 5. Nb5 Qb8 6. c4 Nf6 7. N5c3 e6 8. Be2 Bd6 9. Be3 b6 10. Nd2 Bb7 11. h3 Bc5 12. Bxc5 bxc5 13. O-O Nd4 14. f4 e5 15. f5 h5 16. Bd3 Kf8 17. Qe1 Bc6 18. Rb1 Rh6 19. a3 a5 20. b3 h4 21. Ne2 Qd6 22. Nc3 Nxf5 23. Rxf5 Qxd3 24. Rf3 Qd6 25. Qf2 Kg8 26. Rf1 Qe7 27. a4 d6 28. Nd5 Bxd5 29. cxd5 Rf8 30. Qe1 Nh5 31. Nc4 Rg6 32. Nxa5 Qg5 33. R1f2 Nf4 34. Qd2 Qh5 35. Nc4 Rxg2+ 36. Rxg2 Qxf3 0-1

[Event "FRA-chT N2 2003/2004"]
[Site "FRA"]
[Date "2003.10.12"]
[Round "1.1"]
[White "Rodriguez, Amador"]
[Black "Lazarev, Vladimir"]
[Result "1/2-1/2"]
[WhiteElo "2482"]
[BlackElo "2526"]
[PlyCount "45"]
[EventDate "2004.10.12"]
[Source "Roberto Alvarez"]
[SourceDate "2004.09.15"]

1. e4 c5 2. Nf3 Nc6 3. d4 cxd4 4. Nxd4 Qc7 5. Nb5 Qb8 6. Bd3 a6 7. N5c3 e6 8. Be3 b5 9. f4 d6 10. Nd2 Nf6 11. Qf3 Nb4 12. O-O Nxd3 13. cxd3 Be7 14. Kh1 O-O 15. Qg3 Bd7 16. Ne2 Qd8 17. Nd4 Nh5 18. Qf3 Nxf4 19. Bxf4 e5 20. Be3 exd4 21. Bxd4 Bc6 22. Qg3 f6 23. Nf3 1/2-1/2

[Event "3. Chiuso Hotel Petra"]
[Site "?"]
[Date "2005.03.19"]
[Round "9"]
[White "Mrdja Milan"]
[Black "Miladinovic Igor"]
[Result "0-1"]
[WhiteElo "2395"]
[BlackElo "2611"]
[PlyCount "58"]
[EventDate "2005.??.??"]
[Source "www.chesslib.no"]
[SourceDate "2004.05.04"]

1. e4 c5 2. Nf3 Nc6 3. d4 cxd4 4. Nxd4 Qc7 5. Nb5 Qb8 6. c4 Nf6 7. N5c3 b6 8. f4 e5 9. f5 Bc5 10. Bg5 Nd4 11. Bxf6 gxf6 12. a3 Bb7 13. b4 Be7 14. Nd5 a5 15. b5 Bxd5 16. cxd5 a4 17. Bc4 Bc5 18. Nc3 Qd6 19. Nxa4 Rg8 20. g3 h5 21. Nxc5 Qxc5 22. Bd3 Qc3+ 23. Kf1 h4 24. Rg1 Ke7 25. Ra2 Rxa3 26. Rxa3 Qxa3 27. gxh4 Rc8 28. Kg2 Rc3 29. Bf1 Nf3 0-1

[Event "Kostic mem"]
[Site "?"]
[Date "1979.??.??"]
[Round "10"]
[White "Matanovic Aleksandar"]
[Black "Matulovic Milan"]
[Result "1/2-1/2"]
[WhiteElo "2495"]
[BlackElo "2510"]
[PlyCount "30"]
[EventDate "1979.??.??"]
[Source "www.chesslib.no"]
[SourceDate "2004.05.04"]

1. e4 c5 2. Nf3 Nc6 3. d4 cxd4 4. Nxd4 Qc7 5. Nb5 Qb8 6. c4 Nf6 7. N5c3 e6 8. f4 d6 9. Be2 b6 10. Be3 Be7 11. O-O O-O 12. Bf3 Bb7 13. Nd2 Nd7 14. Nb3 Rd8 15. Rc1 Nc5 1/2-1/2

[Event "Cappelle op"]
[Site "Cappelle la Grande"]
[Date "1998.02.28"]
[Round "9"]
[White "Kaminski, Marcin"]
[Black "Lukov, Valentin"]
[Result "1/2-1/2"]
[WhiteElo "2535"]
[BlackElo "2470"]
[PlyCount "88"]
[EventDate "1998.02.21"]
[Source "ChessBase"]
[SourceDate "1998.04.29"]

1. e4 c5 2. Nf3 Nc6 3. d4 cxd4 4. Nxd4 Qc7 5. Nb5 Qb8 6. c4 Nf6 7. N5c3 g6 8. Be2 Bg7 9. O-O O-O 10. Be3 d6 11. a3 b6 12. Nd2 Bb7 13. Rc1 e6 14. b4 Rd8 15. Qb3 Ne5 16. h3 d5 17. cxd5 exd5 18. Nb5 Nc6 19. Bg5 dxe4 20. Bxf6 Bxf6 21. Nxe4 Qe5 22. Nxf6+ Qxf6 23. Bf3 a6 24. Qc3 Qxc3 25. Nxc3 Rab8 26. Rfd1 Nd4 27. Bxb7 Rxb7 28. Kf1 Rbd7 29. Na4 Rd6 30. Rc7 Nb5 31. Rxd6 Rxd6 32. Rb7 Nxa3 33. Rxb6 Rd5 34. Nc3 Re5 35. Rxa6 Nc2 36. f4 Rf5 37. b5 Rxf4+ 38. Kg1 Rb4 39. b6 Kg7 40. Na4 Nd4 41. Nc5 Ne6 42. Nd7 Nf8 43. Nc5 Ne6 44. Nd7 Nf8 1/2-1/2

[Event "Volgograd"]
[Site "Volgograd"]
[Date "1994.??.??"]
[Round "8"]
[White "Stripunsky, Alexander"]
[Black "Tregubov, Pavel V"]
[Result "1/2-1/2"]
[WhiteElo "2510"]
[BlackElo "2495"]
[PlyCount "147"]
[EventDate "1994.??.??"]
[Source "ChessBase"]

1. e4 c5 2. Nf3 Nc6 3. d4 cxd4 4. Nxd4 Qc7 5. Nb5 Qb8 6. g3 a6 7. N5c3 e6 8. Bf4 d6 9. a4 Qc7 10. Na3 Nf6 11. Bg2 Be7 12. O-O O-O 13. h3 Rb8 14. Qe2 Bd7 15. Rfd1 Rfc8 16. Rd2 Be8 17. Rad1 Ne5 18. Be3 Nc4 19. Nxc4 Qxc4 20. a5 Qb4 21. Bf4 Qxb2 22. e5 Qxc3 23. exf6 Qxf6 24. Bxd6 Bxd6 25. Rxd6 Qc3 26. Qd2 Qxc2 27. Qxc2 Rxc2 28. Rd8 Rxd8 29. Rxd8 Kf8 30. Bxb7 Ke7 31. Ra8 Rc1+ 32. Kg2 Rc7 33. Bf3 Bb5 34. h4 Kf6 35. g4 h6 36. Rb8 Rc3 37. Rf8 Rc5 38. Ra8 Bc4 39. Be4 Rxa5 40. f4 Ra2+ 41. Kg3 Ra3+ 42. Kf2 g5 43. fxg5+ hxg5 44. h5 Ke5 45. h6 Kxe4 46. h7 Rh3 47. h8=Q Rxh8 48. Rxh8 Kf4 49. Rb8 Bb5 50. Rf8 f5 51. Rf6 Kxg4 52. Rxe6 Kf4 53. Re7 g4 54. Rg7 Bc4 55. Rc7 g3+ 56. Kg2 Bd5+ 57. Kh3 g2 58. Kh2 Ke3 59. Kg1 f4 60. Rc3+ Ke2 61. Rc2+ Ke3 62. Rc3+ Ke2 63. Rc2+ Kd3 64. Rc5 Be4 65. Ra5 Bb7 66. Ra3+ Kc2 67. Ra2+ Kc3 68. Ra1 f3 69. Kf2 Kb2 70. Ra4 Kb3 71. Ra1 Kc4 72. Rc1+ Kd4 73. Rb1 Bc6 74. Ra1 1/2-1/2

[Event "Constantin Ungureanu Mem"]
[Site "Bucharest"]
[Date "2004.04.15"]
[Round "1"]
[White "Lupulescu, Constantin"]
[Black "Djukic, Nikola"]
[Result "1-0"]
[WhiteElo "2556"]
[BlackElo "2449"]
[PlyCount "55"]
[EventDate "2004.04.15"]
[Source "Roberto Alvarez"]
[SourceDate "2004.05.10"]

1. e4 c5 2. Nf3 Nc6 3. d4 cxd4 4. Nxd4 Qc7 5. c4 Nf6 6. Nc3 Nxe4 7. Nxe4 Qe5 8. Nb5 Qxe4+ 9. Be2 Qe5 10. f4 Qb8 11. O-O e6 12. f5 a6 13. Nc3 Bd6 14. f6 Bxh2+ 15. Kh1 g6 16. Ne4 b6 17. Be3 Bc7 18. Qd2 Ne5 19. Rad1 Bb7 20. Qb4 Nc6 21. Qa3 b5 22. Nd6+ Bxd6 23. Rxd6 O-O 24. Bc5 h6 25. Qh3 Kh7 26. Be3 h5 27. Bd3 Kg8 28. Qg3 1-0

[Event "Cacak"]
[Site "Cacak"]
[Date "1991.??.??"]
[Round "2"]
[White "Cabrilo, Goran"]
[Black "Drasko, Milan"]
[Result "1-0"]
[WhiteElo "2490"]
[BlackElo "2500"]
[PlyCount "59"]
[EventDate "1991.05.??"]
[Source "ChessBase"]

1. e4 c5 2. Nf3 Nc6 3. d4 cxd4 4. Nxd4 Qc7 5. Nb5 Qb8 6. c4 Nf6 7. N5c3 e6 8. f4 d6 9. a3 b6 10. Bd3 Bb7 11. O-O Be7 12. Be3 Qc7 13. Nd2 Rd8 14. Qf3 Rd7 15. Rae1 Qd8 16. Bc2 O-O 17. Qh3 g6 18. Nf3 Nh5 19. f5 Ng7 20. Qh6 exf5 21. Nd5 f6 22. exf5 Nxf5 23. Bxf5 gxf5 24. Nh4 Rf7 25. Rf3 Rg7 26. Nxf5 Rg6 27. Rg3 Rxg3 28. hxg3 Bf8 29. Nxf6+ Kf7 30. Qh5+ 1-0

[Event "Espace Charenton"]
[Site "?"]
[Date "2005.07.12"]
[Round "3"]
[White "Shirazi Kamran G"]
[Black "Kogan Artur"]
[Result "0-1"]
[WhiteElo "2410"]
[BlackElo "2580"]
[PlyCount "112"]
[EventDate "2005.??.??"]
[Source "www.chesslib.no"]
[SourceDate "2004.05.04"]

1. e4 c5 2. Nf3 Nc6 3. d4 cxd4 4. Nxd4 Qc7 5. Nb5 Qb8 6. c4 Nf6 7. N1c3 a6 8. Na3 e6 9. Be3 Bxa3 10. bxa3 Qe5 11. Rc1 Nxe4 12. Nxe4 Qxe4 13. Qd6 Ne7 14. Bd3 Nf5 15. Bxe4 Nxd6 16. Bd3 f6 17. Bb6 Nf7 18. c5 d5 19. cxd6 Nxd6 20. O-O Bd7 21. Rfd1 Rc8 22. Bc5 Nf7 23. f4 Nd8 24. Be4 Ba4 25. Rd4 Bc6 26. Bb4 Rc7 27. Rcd1 Kf7 28. Ba5 Rc8 29. Bc2 Bd5 30. Bb3 Nc6 31. Rxd5 exd5 32. Bxd5+ Kg6 33. Bb6 Rhe8 34. Bb3 h5 35. Bc2+ Kh6 36. Bf5 Ra8 37. Kf2 Re7 38. Bc5 Ree8 39. Bb6 g6 40. Bd7 Re4 41. g3 Rf8 42. Kf3 Rc4 43. Rd3 Rc2 44. h3 Rb2 45. Rb3 Rd2 46. Bxc6 bxc6 47. Be3 Rxa2 48. f5+ Kg7 49. Bc5 Rf7 50. Rb6 Rc2 51. Rxc6 Kh7 52. Ke4 Rd7 53. fxg6+ Kxg6 54. g4 Rc4+ 55. Ke3 Rd5 56. gxh5+ Rxh5 0-1

[Event "JUG-ch"]
[Site "Zagreb"]
[Date "1977.??.??"]
[Round "5"]
[White "Karaklajic, Nikola"]
[Black "Kurajica, Bojan"]
[Result "1-0"]
[WhiteElo "2460"]
[BlackElo "2530"]
[PlyCount "83"]
[EventDate "1977.02.??"]
[Source "ChessBase"]

1. e4 c5 2. Nf3 Nc6 3. d4 cxd4 4. Nxd4 Qc7 5. Nxc6 bxc6 6. Bd3 Nf6 7. O-O g6 8. f4 d6 9. Qf3 Nd7 10. Bd2 Bg7 11. Bc3 Bxc3 12. Nxc3 Qb6+ 13. Kh1 Qxb2 14. Bc4 Qb4 15. Bb3 O-O 16. Rab1 Qa5 17. Qg3 Kg7 18. Rf3 Rb8 19. Re1 Rb4 20. a3 Rb7 21. Qh4 Nc5 22. f5 Nxb3 23. cxb3 Rxb3 24. Rh3 h5 25. Qg5 Kg8 26. Qh6 Qe5 27. fxg6 fxg6 28. Rg3 Bf5 29. Rf1 Qg7 30. Qxg7+ Kxg7 31. exf5 Rf6 32. a4 h4 33. Re3 e5 34. g4 hxg3 35. Rxg3 d5 36. Nxd5 Rxg3 37. Nxf6 Rg5 38. Nd7 e4 39. fxg6 Ra5 40. Nf8 e3 41. Rf7+ Kh6 42. Rh7+ 1-0

[Event "Zalakaros Open"]
[Site "Zalakaros"]
[Date "1995.??.??"]
[Round "8"]
[White "Videki, Sandor"]
[Black "Sax, Gyula"]
[Result "1/2-1/2"]
[WhiteElo "2455"]
[BlackElo "2535"]
[PlyCount "59"]
[EventDate "1995.??.??"]
[Source "www.chesslib.no"]
[SourceDate "2004.05.04"]

1. e4 c5 2. Nf3 Nc6 3. d4 cxd4 4. Nxd4 Qc7 5. Nb5 Qb8 6. c4 Nf6 7. N5c3 b6 8. g3 e6 9. Bf4 d6 10. Bg2 Bb7 11. O-O Be7 12. Nd2 O-O 13. Rc1 Ne5 14. Qe2 Rd8 15. Rfd1 Ng6 16. Be3 d5 17. exd5 exd5 18. Nxd5 Nxd5 19. cxd5 Bxd5 20. Ne4 Qe5 21. Rxd5 Rxd5 22. Nc3 Rdd8 23. Bxa8 Rxa8 24. Qf3 Rc8 25. Qb7 Rc7 26. Qa8+ Bf8 27. Rd1 Qe6 28. Rd8 Rd7 29. Rxd7 Qxd7 30. Qd5 1/2-1/2